| 000 | 00534nam a2200193Ia 4500 | ||
|---|---|---|---|
| 005 | 20260429112050.0 | ||
| 008 | 260429s9999||||xx |||||||||||||| ||und|| | ||
| 020 | _a9781836595403 | ||
| 041 | _aEnglish | ||
| 082 |
_a338.4791 _bFLO |
||
| 100 | _aFlores, Carlos | ||
| 245 | 0 |
_aIntroduction to tourism : _bconcepts and practices / _cCarlos Flores |
|
| 250 | _a1st ed. | ||
| 260 |
_aLondon : _bETP ED- Tech Press, _c2025. |
||
| 300 | _aix, 244 p.; hb | ||
| 650 | _a Tourism management | ||
| 650 | _aTourism studies | ||
| 942 | _cTB | ||
| 999 |
_c52167 _d52167 |
||